[Event "Online Olym Div3 A 2020"]
[Site "chess.com INT"]
[Date "2020.07.09"]
[Round "7.5"]
[Board "2"]
[White "Osaka, Takuma"]
[Black "Kim, Inguh"]
[Result "1-0"]
[WhiteTitle "CM"]
[BlackTitle "CM"]
[WhiteElo "2048"]
[BlackElo "1900"]
[WhiteTeam "Japan"]
[BlackTeam "South Korea"]
[WhiteFideId "7002084"]
[BlackFideId "13201204"]
[EventDate "2020.07.07"]
[EventType "team"]

1. d4 d5 2. c4 e6 3. Nc3 Be7 4. cxd5 exd5 5. Bf4 c6 6. Qc2 Bd6 7. Bxd6 Qxd6 8.
e3 Nf6 9. Bd3 b6 10. Nge2 Ba6 11. O-O O-O 12. Bxa6 Nxa6 13. Qa4 Nc7 14. Rfd1 Ng4
15. Ng3 f5 16. Nce2 Ne6 17. Rac1 Rac8 18. h3 Nh6 19. Nf4 g5 20. Nxe6 Qxe6 21.
Qxa7 g4 22. h4 Rf7 23. Qxb6 Qf6 24. a4 f4 25. exf4 Qxf4 26. Rf1 Rb8 27. Qxc6
Rxb2 28. Qe8+ Rf8 29. Qe6+ Kh8 30. Nh5 Qxd4 31. Qxh6 Rfxf2 32. Qg7+ Qxg7 33.
Rc8+ Qg8 34. Rxg8+ Kxg8 35. Rxf2 Rb1+ 36. Kh2 Ra1 37. Rd2 Rxa4 38. Nf6+ Kf7 39.
Nxd5 Ra6 40. Ne3 h5 41. Rf2+ Kg6 42. Nd5 Ra4 43. g3 Rd4 44. Nf4+ Kh6 45. Kg2 Re4
46. Rd2 Re5 47. Rd6+ Kh7 48. Kf2 Rc5 49. Rd2 Rb5 50. Rd5 Rb2+ 51. Ke3 Rb3+ 52.
Rd3 Rb5 53. Ke4 Kh6 54. Rd5 Rb4+ 55. Kf5 Rb3 56. Rd6+ Kh7 57. Nxh5 1-0

[Event "Online Olym Div3 A 2020"]
[Site "chess.com INT"]
[Date "2020.07.09"]
[Round "7.5"]
[Board "3"]
[White "Eynula, Roza"]
[Black "Sakai, Azumi"]
[Result "1-0"]
[WhiteTitle "WFM"]
[BlackTitle "WCM"]
[WhiteElo "2069"]
[BlackElo "1731"]
[WhiteTeam "South Korea"]
[BlackTeam "Japan"]
[WhiteFideId "2019531"]
[BlackFideId "7001800"]
[EventDate "2020.07.07"]
[EventType "team"]

1. d4 d5 2. c4 e6 3. Nc3 c6 4. e3 f5 5. Nf3 Bd6 6. Bd3 Nf6 7. O-O O-O 8. Rb1 Ne4
9. Qc2 Nd7 10. b4 Qe8 11. b5 Nxc3 12. Qxc3 c5 13. dxc5 Nxc5 14. cxd5 Nxd3 15.
Qxd3 e5 16. Bb2 Bd7 17. a4 Rc8 18. Rbc1 Qe7 19. Nd2 Qh4 20. Rc4 e4 21. g3 Qg5
22. Qd4 b6 23. Rfc1 Be7 24. Rxc8 Bxc8 25. d6 Bf6 26. Qd5+ Kh8 27. Bxf6 Qxf6 28.
d7 Bxd7 29. Qxd7 Rd8 30. Rc8 Rg8 31. Qe8 Qa1+ 32. Kg2 Qa2 33. Qxg8+ Qxg8 34.
Rxg8+ Kxg8 35. Nc4 Kf7 36. Nd6+ Ke6 37. Nc8 Kd5 38. Nxa7 Kc5 39. Nc8 g6 40. g4
Kb4 41. Nxb6 Ka5 42. Nd5 fxg4 43. Kg3 h5 44. Kf4 h4 45. Kxe4 g3 46. fxg3 g5 47.
gxh4 gxh4 48. h3 1-0

[Event "Online Olym Div3 A 2020"]
[Site "chess.com INT"]
[Date "2020.07.09"]
[Round "7.5"]
[Board "4"]
[White "Hoshino, Karen"]
[Black "Kim, Taegyeong"]
[Result "1/2-1/2"]
[WhiteTitle "WFM"]
[BlackTitle "WCM"]
[WhiteElo "1836"]
[BlackElo "1523"]
[WhiteTeam "Japan"]
[BlackTeam "South Korea"]
[WhiteFideId "2137984"]
[BlackFideId "13200976"]
[EventDate "2020.07.07"]
[EventType "team"]

1. d4 d5 2. c4 e6 3. Nc3 Be7 4. e3 Nf6 5. Nf3 O-O 6. Bd3 dxc4 7. Bxc4 h6 8. O-O
c6 9. Rb1 b6 10. b4 Bb7 11. a4 Nd5 12. Nxd5 cxd5 13. Bd3 Nc6 14. Bd2 Rc8 15. Qb3
Qd6 16. b5 Na5 17. Bxa5 bxa5 18. h3 f6 19. Rfc1 Qb4 20. Qxb4 Bxb4 21. Kf1 Rxc1+
22. Rxc1 Rc8 23. Rxc8+ Bxc8 24. Ke2 Kf7 25. Nd2 Bxd2 26. Kxd2 Ke7 27. Kc3 Kd6
28. f3 e5 29. e4 Bb7 30. exd5 Bxd5 31. Be4 Be6 32. Bc2 1/2-1/2

[Event "Online Olym Div3 A 2020"]
[Site "chess.com INT"]
[Date "2020.07.09"]
[Round "7.5"]
[Board "5"]
[White "Cheon, Sehyuk"]
[Black "Nakahara, Kan"]
[Result "1/2-1/2"]
[WhiteTitle "CM"]
[BlackTitle "CM"]
[WhiteElo "1742"]
[BlackElo "2095"]
[WhiteTeam "South Korea"]
[BlackTeam "Japan"]
[WhiteFideId "13205480"]
[BlackFideId "7002556"]
[EventDate "2020.07.07"]
[EventType "team"]

1. e4 e6 2. d4 d5 3. Nd2 c5 4. exd5 Qxd5 5. Ngf3 cxd4 6. Bc4 Qd8 7. Qe2 a6 8.
Nb3 Nc6 9. Bg5 Nf6 10. O-O-O Be7 11. Kb1 b5 12. Bd3 Qb6 13. Nbxd4 Bb7 14. Rhe1
O-O 15. Nxc6 Bxc6 16. Ne5 Rad8 17. Ng4 Nd5 18. Bxe7 Nxe7 19. h4 Bd5 20. h5 Qa5
21. b3 Qc3 22. Qe3 Rc8 23. h6 g6 24. Qg5 Rc7 25. Re3 f6 26. Qh4 Qd4 27. Qg3 Rc6
28. Ree1 Qc3 29. Re3 Qd4 30. Ree1 Qc3 31. Re3 Qd4 1/2-1/2

[Event "Online Olym Div3 A 2020"]
[Site "chess.com INT"]
[Date "2020.07.09"]
[Round "8.1"]
[Board "1"]
[White "Villegas, Pierre"]
[Black "Tran, Thanh Tu"]
[Result "1-0"]
[WhiteTitle "IM"]
[BlackTitle "CM"]
[WhiteElo "2364"]
[BlackElo "2346"]
[WhiteTeam "Monaco"]
[BlackTeam "Japan"]
[WhiteFideId "654183"]
[BlackFideId "12401404"]
[EventDate "2020.07.07"]
[EventType "team"]

1. d4 Nf6 2. c4 e5 3. dxe5 Ng4 4. e3 Nxe5 5. Nh3 d5 6. Qxd5 Qf6 7. Nf4 c6 8. Qd2
Bf5 9. Be2 Nbd7 10. Nh5 Qg6 11. Nf4 Qf6 12. O-O O-O-O 13. Qa5 Bc5 14. b4 Bb6 15.
Qa3 h5 16. Bb2 g5 17. Nd3 Qe6 18. Nxe5 Nxe5 19. c5 Bc7 20. Qxa7 Bb8 21. Qa8 Qf6
22. Na3 Rd2 23. Nc4 Rxb2 24. Nxb2 g4 25. Rad1 Qh4 26. g3 Qh3 27. Nc4 Nxc4 28.
Bxc4 h4 29. Ba6 bxa6 30. Qxc6+ Bc7 31. Qa8+ Bb8 32. Qxa6+ Kc7 33. Qb6+ Kc8 34.
c6 Qxh2+ 35. Kxh2 hxg3+ 36. Kg1 1-0

[Event "Online Olym Div3 A 2020"]
[Site "chess.com INT"]
[Date "2020.07.09"]
[Round "8.1"]
[Board "2"]
[White "Watanabe, Akira"]
[Black "Efimov, Igor"]
[Result "1-0"]
[WhiteTitle "FM"]
[BlackTitle "GM"]
[WhiteElo "2284"]
[BlackElo "2409"]
[WhiteTeam "Japan"]
[BlackTeam "Monaco"]
[WhiteFideId "7000227"]
[BlackFideId "806404"]
[EventDate "2020.07.07"]
[EventType "team"]

1. d4 Nf6 2. c4 e6 3. Nc3 Bb4 4. e3 O-O 5. Bd3 b6 6. Ne2 Bb7 7. O-O d5 8. cxd5
exd5 9. a3 Bd6 10. Ng3 Re8 11. Bd2 a6 12. Rc1 c5 13. dxc5 bxc5 14. Na4 Nbd7 15.
b4 c4 16. Bc2 Ne5 17. Bc3 Nfg4 18. h3 Nf6 19. Nf5 Bb8 20. Nc5 Bc6 21. f4 Ned7
22. Qe1 Nxc5 23. bxc5 Bd7 24. Nxg7 Kxg7 25. Qg3+ Kf8 26. Qg5 Re6 27. f5 Rc6 28.
Ba4 Qc7 29. Rf4 Ke7 30. Rd1 h6 31. Qh4 Ba7 32. Rxd5 Bxc5 33. Re4+ Kd8 34. Bxf6+
Kc8 35. Bxc6 Qxc6 36. Rxc5 1-0

[Event "Online Olym Div3 A 2020"]
[Site "chess.com INT"]
[Date "2020.07.09"]
[Round "8.1"]
[Board "3"]
[White "Dornbusch, Tatiana"]
[Black "Sakai, Azumi"]
[Result "1-0"]
[WhiteTitle "WGM"]
[BlackTitle "WCM"]
[WhiteElo "2268"]
[BlackElo "1731"]
[WhiteTeam "Monaco"]
[BlackTeam "Japan"]
[WhiteFideId "14107449"]
[BlackFideId "7001800"]
[EventDate "2020.07.07"]
[EventType "team"]

1. d4 d5 2. c4 e6 3. Nc3 c6 4. Nf3 dxc4 5. a4 Bb4 6. e3 b5 7. Be2 Bb7 8. O-O
Bxc3 9. bxc3 Nf6 10. Ba3 Nd5 11. Qc2 Nd7 12. Rfb1 Qa5 13. Rc1 N7b6 14. axb5 Qa4
15. Qxa4 Nxa4 16. Bxc4 Naxc3 17. bxc6 Bc8 18. Bd3 Na4 19. e4 Ndc3 20. Bb4 Nxe4
21. Bxe4 f5 22. Bd3 Nb6 23. Ne5 Nd5 24. Bd6 a5 25. Bb5 Nb6 26. c7+ Nd7 27. Bc6
Ra7 28. Bxd7+ Bxd7 29. c8=Q+ 1-0

[Event "Online Olym Div3 A 2020"]
[Site "chess.com INT"]
[Date "2020.07.09"]
[Round "8.1"]
[Board "4"]
[White "Hoshino, Karen"]
[Black "Dubois, Martine"]
[Result "1-0"]
[WhiteTitle "WFM"]
[BlackTitle "WIM"]
[WhiteElo "1836"]
[BlackElo "1802"]
[WhiteTeam "Japan"]
[BlackTeam "Monaco"]
[WhiteFideId "2137984"]
[BlackFideId "601926"]
[EventDate "2020.07.07"]
[EventType "team"]

1. d4 d5 2. c4 dxc4 3. e3 e6 4. Bxc4 a6 5. Nf3 Nf6 6. O-O Nbd7 7. a4 c5 8. Nc3
Qc7 9. b3 Bd6 10. Bb2 O-O 11. h3 b6 12. Qe2 Bb7 13. Rfd1 Bxf3 14. Qxf3 cxd4 15.
exd4 e5 16. Ne4 Nxe4 17. Qxe4 Nf6 18. Qf5 Rae8 19. Rac1 exd4 20. Bxd4 Qe7 21.
Bxf6 gxf6 22. Bd3 1-0

[Event "Online Olym Div3 A 2020"]
[Site "chess.com INT"]
[Date "2020.07.09"]
[Round "8.1"]
[Board "5"]
[White "Kien, Clovis"]
[Black "Osaka, Takuma"]
[Result "0-1"]
[BlackTitle "CM"]
[WhiteElo "1706"]
[BlackElo "2048"]
[WhiteTeam "Monaco"]
[BlackTeam "Japan"]
[WhiteFideId "36018180"]
[BlackFideId "7002084"]
[EventDate "2020.07.07"]
[EventType "team"]

1. e4 c5 2. Nf3 d6 3. d4 cxd4 4. Nxd4 Nf6 5. Nc3 a6 6. Be2 e5 7. Nb3 Be7 8. O-O
O-O 9. Bg5 Be6 10. Bxf6 Bxf6 11. Nd5 Nd7 12. Bg4 Bg5 13. Re1 Rc8 14. Nd2 Bxg4
15. Qxg4 Bxd2 16. Re2 Bh6 17. Rd1 Nf6 18. Nxf6+ Qxf6 19. Rd3 Rc6 20. h4 Qf4 21.
Qd7 Qc1+ 22. Kh2 Qf1 23. Qg4 g6 24. h5 Rfc8 25. hxg6 hxg6 26. Rxd6 Rxd6 27.
Qxc8+ Kg7 28. Qg4 Bf4+ 29. g3 Rd1 30. Qf3 Bg5 31. c4 Rd8 0-1

[Event "Online Olym Div3 A 2020"]
[Site "chess.com INT"]
[Date "2020.07.09"]
[Round "8.1"]
[Board "6"]
[White "Hoshino, Meilin"]
[Black "Rubsamen, Anais"]
[Result "1-0"]
[WhiteTitle "WCM"]
[WhiteElo "1591"]
[BlackElo "1692"]
[WhiteTeam "Japan"]
[BlackTeam "Monaco"]
[WhiteFideId "7001690"]
[BlackFideId "26091305"]
[EventDate "2020.07.07"]
[EventType "team"]

1. d4 g6 2. c4 Bg7 3. Nc3 c6 4. e4 d6 5. Be3 Nd7 6. Nf3 e5 7. d5 Ngf6 8. dxc6
Nb6 9. cxb7 Bxb7 10. Bd3 O-O 11. O-O Rc8 12. Qe2 Rc6 13. Rac1 Ba6 14. Nd5 Nbxd5
15. cxd5 Bxd3 16. Qxd3 Rc7 17. Rc2 Qb8 18. Rfc1 Rfc8 19. Nd2 Ng4 20. Bg5 Bf6 21.
Bxf6 Nxf6 22. Rxc7 Rxc7 23. Rxc7 Qxc7 24. Qc3 Qb7 25. h3 Kg7 26. b4 Qa6 27. a3
Qe2 28. Qe3 Qxe3 29. fxe3 Kf8 30. Kf2 Ke7 31. Kf3 Ne8 32. Nc4 Nc7 33. a4 f5 34.
Na5 a6 35. Nc6+ Kd7 36. g4 Ke8 37. gxf5 gxf5 38. exf5 Nxd5 39. e4 Nc3 40. Nb8
Nxa4 41. Nxa6 Nb6 42. b5 Kf7 43. Nc7 Ke7 44. Nd5+ Nxd5 45. exd5 Kd7 46. f6 Ke8
47. b6 1-0

[Event "Online Olym Div3 A 2020"]
[Site "chess.com INT"]
[Date "2020.07.09"]
[Round "8.2"]
[Board "1"]
[White "Tin, Jingyao"]
[Black "Kwon, Sehyun"]
[Result "0-1"]
[WhiteTitle "IM"]
[BlackTitle "CM"]
[WhiteElo "2464"]
[BlackElo "2194"]
[WhiteTeam "Singapore"]
[BlackTeam "South Korea"]
[WhiteFideId "5804418"]
[BlackFideId "13203088"]
[EventDate "2020.07.07"]
[EventType "team"]

1. d4 d5 2. c4 e6 3. Nf3 Nf6 4. Nc3 Bb4 5. Qa4+ Nc6 6. e3 O-O 7. Bd2 dxc4 8.
Bxc4 Bd6 9. O-O e5 10. h3 a6 11. Qc2 h6 12. Rad1 exd4 13. exd4 Nh5 14. Be3 Nf4
15. Ne5 Qg5 16. Bxf4 Qxf4 17. Nd5 Nxd4 18. Rxd4 Qxe5 19. Rf4 Be6 20. g3 Bxd5 21.
Rf5 Be4 22. Rxe5 Bxc2 23. Re2 Bf5 0-1

[Event "Online Olym Div3 A 2020"]
[Site "chess.com INT"]
[Date "2020.07.09"]
[Round "8.2"]
[Board "2"]
[White "Nam, Kanghyeon"]
[Black "Sivakumar, Ashvin"]
[Result "0-1"]
[BlackTitle "FM"]
[WhiteElo "1596"]
[BlackElo "2172"]
[WhiteTeam "South Korea"]
[BlackTeam "Singapore"]
[WhiteFideId "13208810"]
[BlackFideId "5804655"]
[EventDate "2020.07.07"]
[EventType "team"]

1. d4 Nf6 2. Nf3 d6 3. Nbd2 g6 4. e4 Bg7 5. Bd3 O-O 6. O-O c5 7. c3 cxd4 8. cxd4
Nc6 9. h3 a5 10. Re1 Nh5 11. d5 Nb4 12. Bb1 Bd7 13. a3 Na6 14. Nb3 Ba4 15. Qd3
Rc8 16. Nbd4 Nc5 17. Qe3 Qb6 18. b4 Nd7 19. Bd2 Ne5 20. bxa5 Nxf3+ 21. Nxf3 Qxe3
22. Bxe3 Bxa1 23. Bd3 Bc3 24. Rb1 Bxa5 25. Rxb7 Rc7 0-1

[Event "Online Olym Div3 A 2020"]
[Site "chess.com INT"]
[Date "2020.07.09"]
[Round "8.2"]
[Board "3"]
[White "Gong, Qianyun"]
[Black "Seo, Jiwon"]
[Result "1-0"]
[WhiteTitle "WGM"]
[WhiteElo "2333"]
[BlackElo "1407"]
[WhiteTeam "Singapore"]
[BlackTeam "South Korea"]
[WhiteFideId "8602425"]
[BlackFideId "13208969"]
[EventDate "2020.07.07"]
[EventType "team"]

1. e4 e5 2. Bc4 Nf6 3. Nc3 Bc5 4. d3 d6 5. Be3 Bb6 6. a4 Bg4 7. Nf3 Nbd7 8. a5
Bd4 9. h3 Bxe3 10. fxe3 Bh5 11. a6 b6 12. Bb5 Rc8 13. Bc6 O-O 14. O-O Nc5 15. d4
exd4 16. exd4 Ne6 17. Qd2 Bg6 18. Rfe1 Qe7 19. Nh4 Nxe4 20. Nxg6 fxg6 21. Rxe4
Qf6 22. Rxe6 Qh4 23. Re4 Qf6 24. Nd5 Qd8 25. Ne7+ Kh8 26. Nxc8 Qxc8 27. Rae1 Rg8
28. Re8 Qf5 29. Rxg8+ Kxg8 30. Re8+ Kf7 31. Qe3 Kf6 32. Rf8# 1-0

[Event "Online Olym Div3 A 2020"]
[Site "chess.com INT"]
[Date "2020.07.09"]
[Round "8.2"]
[Board "4"]
[White "Kim, Taegyeong"]
[Black "Fang, Kun"]
[Result "0-1"]
[WhiteTitle "WCM"]
[WhiteElo "1523"]
[BlackElo "1639"]
[WhiteTeam "South Korea"]
[BlackTeam "Singapore"]
[WhiteFideId "13200976"]
[BlackFideId "5819660"]
[EventDate "2020.07.07"]
[EventType "team"]

1. d4 d5 2. c4 c6 3. Nf3 Nf6 4. Nc3 dxc4 5. e4 b5 6. a4 b4 7. e5 Nd5 8. Ne4 c3
9. Bc4 cxb2 10. Bxb2 e6 11. O-O Be7 12. Qb3 a5 13. Rac1 O-O 14. Rc2 Bb7 15. Bxd5
cxd5 16. Nc5 Ba6 17. Rd1 Bc4 18. Qe3 Nd7 19. Nxd7 Qxd7 20. Nd2 Qxa4 21. Rdc1
Rfc8 22. Nxc4 Rxc4 23. Rxc4 dxc4 24. Qe4 Rd8 25. h3 c3 26. Bxc3 bxc3 27. Rxc3
Qa1+ 28. Kh2 Qxc3 29. Qb7 Bg5 30. g3 Qxd4 31. Kg2 Qd5+ 32. Qxd5 Rxd5 33. h4 Be7 0-1

[Event "Online Olym Div3 A 2020"]
[Site "chess.com INT"]
[Date "2020.07.09"]
[Round "8.2"]
[Board "5"]
[White "Advait, Bagri"]
[Black "Noh, Jinwoo"]
[Result "1/2-1/2"]
[WhiteTitle "CM"]
[WhiteElo "2242"]
[BlackElo "1476"]
[WhiteTeam "Singapore"]
[BlackTeam "South Korea"]
[WhiteFideId "5820391"]
[BlackFideId "13211307"]
[EventDate "2020.07.07"]
[EventType "team"]

1. e4 c6 2. d4 d5 3. Nc3 dxe4 4. Nxe4 Bf5 5. Ng3 Bg6 6. h4 h6 7. Nf3 Nd7 8. h5
Bh7 9. Bd3 Bxd3 10. Qxd3 e6 11. Bd2 Ngf6 12. O-O-O Bd6 13. Ne4 Nxe4 14. Qxe4 Qc7
15. c4 Nf6 16. Qe2 O-O-O 17. Bc3 Rhe8 18. Kb1 Nd7 19. Rhe1 f6 20. Qe4 f5 21. Qe2
Nf6 22. Ne5 Bxe5 23. dxe5 Ne4 24. Qc2 Qb6 25. f3 Ng3 26. Qc1 Rxd1 27. Rxd1 Nxh5
28. g4 fxg4 29. fxg4 Ng3 30. Be1 Ne4 31. Qf4 Ng5 32. Bf2 Qc7 33. Bc5 Qf7 34. Qd2
Ne4 35. Qd4 Qg6 36. Ka1 Nxc5 37. Qxc5 a6 38. Qd6 Qf7 39. a3 Qc7 40. Qc5 Rd8 41.
Rf1 Qd7 42. Rf8 Rxf8 43. Qxf8+ Kc7 44. Ka2 b5 45. cxb5 axb5 46. Qa8 Qc8 47. Qa7+
Qb7 48. Qc5 Qc8 49. Qa7+ Qb7 50. Qc5 Qc8 1/2-1/2

[Event "Online Olym Div3 A 2020"]
[Site "chess.com INT"]
[Date "2020.07.09"]
[Round "8.3"]
[Board "1"]
[White "Delaney, Killian"]
[Black "Ker, Anthony F"]
[Result "1-0"]
[WhiteTitle "FM"]
[BlackTitle "IM"]
[WhiteElo "2314"]
[BlackElo "2298"]
[WhiteTeam "Ireland"]
[BlackTeam "New Zealand"]
[WhiteFideId "2501570"]
[BlackFideId "4300084"]
[EventDate "2020.07.07"]
[EventType "team"]

1. e4 c5 2. c3 g6 3. d4 cxd4 4. cxd4 d5 5. exd5 Nf6 6. Nc3 Bg7 7. Bb5+ Nbd7 8.
d6 exd6 9. Qe2+ Qe7 10. Bf4 d5 11. Bd6 Qxe2+ 12. Ngxe2 a6 13. Ba4 b5 14. Bb3 Bb7
15. a4 Nb6 16. axb5 axb5 17. Rxa8+ Bxa8 18. Nxb5 Kd7 19. Be5 Nc4 20. O-O Nxe5
21. dxe5 Ne4 22. Rd1 Rb8 23. f3 Nc5 24. Bxd5 Ke7 25. Bxa8 Rxa8 26. Ned4 Bxe5 27.
Nc6+ Kf6 28. Nxe5 Kxe5 29. Nc7 Ra2 30. Rd5+ Kf6 31. Rxc5 Rxb2 32. Rc1 h5 33.
Nd5+ Kg7 34. h4 Rd2 35. Ne3 Re2 36. Rc3 Rd2 37. Kh2 Ra2 38. Kh3 Rf2 39. Rc7 Re2
40. Nc4 Re6 41. Rd7 Re1 42. Nd6 Kf6 43. Nxf7 Ke6 44. Ra7 Rh1+ 45. Kg3 Rb1 46.
Ng5+ Kf5 47. Rf7+ Ke5 48. f4+ Kd5 49. Rf6 Rb3+ 50. Nf3 1-0

[Event "Online Olym Div3 A 2020"]
[Site "chess.com INT"]
[Date "2020.07.09"]
[Round "8.3"]
[Board "2"]
[White "Duneas, John"]
[Black "Jessel, Stephen"]
[Result "0-1"]
[WhiteTitle "FM"]
[BlackTitle "FM"]
[WhiteElo "2147"]
[BlackElo "2297"]
[WhiteTeam "New Zealand"]
[BlackTeam "Ireland"]
[WhiteFideId "4302052"]
[BlackFideId "628859"]
[EventDate "2020.07.07"]
[EventType "team"]

1. d4 e6 2. c4 b6 3. Nf3 Bb7 4. g3 Bb4+ 5. Nbd2 Bxf3 6. exf3 Nc6 7. a3 Bxd2+ 8.
Qxd2 Qf6 9. Bg2 Nxd4 10. Qd3 Ne7 11. O-O Rd8 12. f4 h5 13. Bd2 c5 14. Bc3 Nef5
15. Rad1 O-O 16. Be4 Qh6 17. Bxf5 Nxf5 18. Qe4 d6 19. Qb7 Ra8 20. Rd3 Rfb8 21.
Qa6 Rd8 22. Rfd1 Rd7 23. b4 Qg6 24. bxc5 bxc5 25. Qc6 Rdd8 26. Be5 Rdc8 27. Qe4
dxe5 28. fxe5 Nd4 29. Qxg6 fxg6 30. Kg2 Rab8 31. Kh3 Rb2 32. R1d2 Rcb8 33. Rxb2
Rxb2 34. f4 Kf7 0-1

[Event "Online Olym Div3 A 2020"]
[Site "chess.com INT"]
[Date "2020.07.09"]
[Round "8.3"]
[Board "3"]
[White "O'Gorman, Alice"]
[Black "Qin, Nicole Shu Yu"]
[Result "1-0"]
[BlackTitle "WCM"]
[WhiteElo "1904"]
[BlackElo "1629"]
[WhiteTeam "Ireland"]
[BlackTeam "New Zealand"]
[WhiteFideId "2508214"]
[BlackFideId "4304306"]
[EventDate "2020.07.07"]
[EventType "team"]

1. e4 c5 2. Nf3 g6 3. d4 cxd4 4. Nxd4 Nc6 5. Be3 Bg7 6. c4 Nf6 7. Nc3 O-O 8. Be2
b6 9. O-O Bb7 10. f3 e6 11. Ndb5 Ne8 12. Nd6 Nxd6 13. Qxd6 Be5 14. Qd2 Ne7 15.
Rad1 Bc6 16. Bd4 Bxd4+ 17. Qxd4 Qc7 18. f4 Rad8 19. Qd6 Qxd6 20. Rxd6 Nc8 21.
Rd2 Rfe8 22. Rfd1 Re7 23. e5 Ree8 24. Kf2 Kg7 25. Bf3 Bxf3 26. Kxf3 Re7 27. Ne4
a5 28. c5 bxc5 29. Nxc5 Nb6 30. b3 Kf8 31. Nb7 Ra8 32. Rd6 Nd5 33. Nc5 Ra7 34.
Ne4 Ke8 35. Nf6+ Kd8 36. Nxd5 exd5 37. R1xd5 Ke8 38. Rb6 Re6 39. Rbb5 a4 40.
bxa4 Rxa4 41. Ra5 Rc4 42. Ra7 Rc3+ 43. Ke2 Rc2+ 44. Kf3 Rc3+ 45. Ke4 Rc4+ 46.
Ke3 f6 47. Raxd7 Rc3+ 48. Kd2 Rc8 49. Rxh7 1-0

[Event "Online Olym Div3 A 2020"]
[Site "chess.com INT"]
[Date "2020.07.09"]
[Round "8.3"]
[Board "4"]
[White "Gan, Emily"]
[Black "Miller, Ioana"]
[Result "0-1"]
[BlackTitle "WFM"]
[WhiteElo "1160"]
[BlackElo "2185"]
[WhiteTeam "New Zealand"]
[BlackTeam "Ireland"]
[WhiteFideId "4310608"]
[BlackFideId "1202260"]
[EventDate "2020.07.07"]
[EventType "team"]

1. c4 e5 2. Nc3 Nc6 3. g3 g6 4. Bg2 Bg7 5. e3 d6 6. Nge2 h5 7. h4 Bg4 8. O-O Qd7
9. Re1 Nge7 10. f3 Bh3 11. Kh2 Bxg2 12. Kxg2 O-O 13. d4 exd4 14. exd4 Nf5 15. d5
Ne5 16. b3 Rfe8 17. Nd4 Nxd4 18. Qxd4 Nxf3 19. Qf2 Nxe1+ 20. Kh2 Qg4 21. Qf1
Bxc3 22. Rb1 Re2+ 23. Kh1 Qe4+ 24. Kg1 Bd4+ 25. Qf2 Bxf2+ 26. Kf1 Bxg3 27. Kg1
Qg2# 0-1

[Event "Online Olym Div3 A 2020"]
[Site "chess.com INT"]
[Date "2020.07.09"]
[Round "8.3"]
[Board "5"]
[White "Kanyamarala, Tarun"]
[Black "Gong, Daniel Hanwen"]
[Result "1-0"]
[WhiteTitle "FM"]
[BlackTitle "FM"]
[WhiteElo "2381"]
[BlackElo "2240"]
[WhiteTeam "Ireland"]
[BlackTeam "New Zealand"]
[WhiteFideId "45004714"]
[BlackFideId "4303962"]
[EventDate "2020.07.07"]
[EventType "team"]

1. Nf3 Nf6 2. d4 g6 3. Bg5 Bg7 4. Nbd2 d6 5. c3 c5 6. dxc5 dxc5 7. e4 h6 8. Bxf6
Bxf6 9. e5 Bg7 10. Bc4 O-O 11. Qe2 Qb6 12. O-O-O Be6 13. h4 Bxc4 14. Nxc4 Qe6
15. Qe4 Nc6 16. Qd5 Qxd5 17. Rxd5 b6 18. Rhd1 Rad8 19. Rd7 Rxd7 20. Rxd7 Rc8 21.
a4 Kf8 22. Rb7 Ke8 23. a5 bxa5 24. Rb5 Nb8 25. Rxa5 a6 26. Kd2 Kd7 27. Ke3 Ke6
28. Ke4 Rc6 29. Ne1 Bxe5 30. Nxe5 f5+ 31. Kf4 g5+ 32. hxg5 hxg5+ 33. Kxg5 Kxe5
34. Nd3+ Kd6 35. Kxf5 Nd7 36. c4 e6+ 37. Kf4 Rb6 38. g4 Ke7 39. f3 Kf6 40. Ke4
Rc6 41. f4 Rb6 42. Ra1 Rd6 43. b3 Rd4+ 44. Ke3 e5 45. Rxa6+ Kg7 46. Nxe5 Nxe5
47. fxe5 Rxg4 48. Rb6 Kf7 49. Kd3 Rd4+ 50. Kc3 Re4 51. e6+ Ke7 52. Rc6 Re5 53.
b4 Re3+ 54. Kd2 Rb3 55. b5 Rb4 56. Kc3 Rb1 57. Rxc5 Kxe6 58. Rd5 Rc1+ 59. Kb4
Rb1+ 60. Kc5 Rc1 61. Rd2 Ke7 62. b6 Ke6 63. Kb5 Rb1+ 64. Kc6 1-0

[Event "Online Olym Div3 A 2020"]
[Site "chess.com INT"]
[Date "2020.07.09"]
[Round "8.3"]
[Board "6"]
[White "Thurner, Anya"]
[Black "Putar, Lara"]
[Result "0-1"]
[WhiteElo "1320"]
[BlackElo "1834"]
[WhiteTeam "New Zealand"]
[BlackTeam "Ireland"]
[WhiteFideId "4307780"]
[BlackFideId "14546604"]
[EventDate "2020.07.07"]
[EventType "team"]

1. e4 e6 2. d4 d5 3. exd5 exd5 4. Bd3 Nc6 5. Ne2 Bd6 6. c3 Qh4 7. Ng3 Nge7 8.
Nd2 O-O 9. Nf3 Qf6 10. O-O Bg4 11. Bg5 Bxf3 12. Bxf6 Bxd1 13. Bxe7 Nxe7 14.
Raxd1 Ng6 15. Nf5 Rad8 16. Rfe1 Nf4 17. g3 Nh3+ 18. Kg2 Ng5 19. Re2 g6 20. Ne3
c6 21. Rde1 f5 22. Nc2 f4 23. gxf4 Rxf4 24. h3 Rdf8 25. Ne3 Rh4 26. Rh1 Rf3 27.
Bc2 Rfxh3 28. Rxh3 Rxh3 29. Ng4 h5 30. Nf6+ Kf7 31. Kg1 Kxf6 32. Re3 Rxe3 33.
fxe3 h4 34. Kg2 h3+ 35. Kh1 h2 36. Kg2 Nh3 37. Kh1 Nf2+ 38. Kg2 h1=Q+ 39. Kxf2
Qh2+ 40. Kf1 Bg3 0-1

[Event "Online Olym Div3 A 2020"]
[Site "chess.com INT"]
[Date "2020.07.09"]
[Round "8.4"]
[Board "1"]
[White "Eiti, Bashir"]
[Black "Ashiku, Franc"]
[Result "1-0"]
[WhiteTitle "IM"]
[BlackTitle "IM"]
[WhiteElo "2341"]
[BlackElo "2419"]
[WhiteTeam "Syria"]
[BlackTeam "Albania"]
[WhiteFideId "7601875"]
[BlackFideId "4700066"]
[EventDate "2020.07.07"]
[EventType "team"]

1. Nc3 e5 2. Nf3 Nc6 3. d4 exd4 4. Nxd4 Nf6 5. Bg5 Be7 6. Nf5 O-O 7. Nxe7+ Qxe7
8. Nd5 Qe5 9. Bxf6 gxf6 10. c3 Ne7 11. Nxe7+ Qxe7 12. e3 f5 13. Qh5 d6 14. Bd3
Qf6 15. g4 Qg6 16. Qh4 Kh8 17. Qe7 Be6 18. O-O-O Rac8 19. Rhg1 Qh6 20. gxf5 Rfe8
21. Qg5 Qxg5 22. Rxg5 f6 23. Rh5 Bxa2 24. Rh6 Kg7 25. Rh4 Rg8 26. Be4 b6 27. Bc6
Bf7 28. Rdd4 Rcf8 29. Rde4 Kh8 30. Re7 Rg1+ 31. Kd2 Rg7 32. Rxc7 Be8 33. Rc8
Rgg8 34. Bxe8 Rxe8 35. Rc6 Rd8 36. Kd3 Rd7 37. Rd4 Rg6 38. fxg6 1-0